Skullgirls second encore every character - Statistics

General Stats
  • This quiz has been taken 36 times
  • The average score is 16 of 18
Answer Stats
Hint Answer % Correct
A star child Annie
97%
Saxophone Big Band
97%
The Pharao Eliza
97%
A nurse Valentine
97%
A wrestler Beowulf
93%
A parasite in my head Filia
93%
Style: Cartoon Peacock
93%
My hungry umbrella Umbrella
93%
Shape shifting nun Double
90%
The other parasite Fukua
90%
The Skullgirl Marie
90%
Pain Painwheel
90%
The royal Parasoul
90%
Look I am an robot Robo Fortune
90%
A big hat Cerebella
86%
Cat Ms. Fortune
86%
Leviathan Squigly
86%
An assassin Black Dahlia
83%
No matching quizzes found
Score Distribution
Percent of People with Each Score
Percentile by Number Answered
Your Score History
You have not taken this quiz